Statistics for Top 50 Transfers - Football Seasons 2010/11 - 2019/20

Click here to take the quiz!

General Stats

  • This quiz has been taken 108 times
  • The average score is 47 of 50

Answer Stats

FromToNatPosFeePlayer% Correct
Atlético MadridFC BarcelonaFRAST€120.00mAntoine Griezmann
100%
Real MadridJuventusPORLW€117.00mCristiano Ronaldo
100%
Tottenham HotspurReal MadridWALRW€101.00mGareth Bale
100%
FC BarcelonaPSGBRALW€222.00mNeymar
100%
SantosFC BarcelonaBRALW€88.20mNeymar
100%
JuventusManchester UnitedFRACM€105.00mPaul Pogba
100%
ChelseaReal MadridBELLW€115.00mEden Hazard
99%
EvertonManchester UnitedBELST€84.70mRomelu Lukaku
99%
Manchester UnitedInterBELST€74.00mRomelu Lukaku
99%
MonacoPSGFRAST€145.00mKylian Mbappé
98%
DortmundFC BarcelonaFRALW€138.00mOusmane Dembélé
98%
LiverpoolFC BarcelonaBRACAM€145.00mPhilippe Coutinho
98%
RomaLiverpoolBRAGK€62.50mAlisson
96%
MonacoReal MadridCOLCAM€75.00mJames Rodríguez
96%
WolfsburgManchester CityBELCAM€76.00mKevin De Bruyne
96%
LiverpoolFC BarcelonaURUST€81.72mLuis Suárez
96%
LeicesterManchester CityALGRW€67.80mRiyad Mahrez
96%
Manchester UnitedPSGARGRW€63.00mÁngel Di María
95%
Real MadridManchester UnitedARGRW€75.00mÁngel Di María
95%
NapoliPSGURUST€64.50mEdinson Cavani
95%
LeicesterManchester UnitedENGCB€87.00mHarry Maguire
95%
BenficaAtlético MadridPORCF€126.00mJoão Félix
95%
Athletic BilbaoChelseaESPGK€80.00mKepa
95%
SouthamptonLiverpoolNEDCB€84.65mVirgil van Dijk
95%
SportingManchester UnitedPORCAM€55.00mBruno Fernandes
94%
EvertonManchester CityENGCB€55.60mJohn Stones
94%
AjaxJuventusNEDCB€85.50mMatthijs de Ligt
94%
DortmundArsenalGABST€63.75mPierre-Emerick Aubameyang
94%
Atlético MadridManchester CityESPCDM€70.00mRodri
94%
DortmundChelseaUSALW€64.00mChristian Pulisic
93%
AjaxFC BarcelonaNEDCM€75.00mFrenkie de Jong
93%
NapoliJuventusARGST€90.00mGonzalo Higuaín
93%
LiverpoolManchester CityENGLW€67.70mRaheem Sterling
93%
MonacoManchester UnitedFRAST€60.00mAnthony Martial
91%
Athletic BilbaoManchester CityFRACB€65.00mAymeric Laporte
91%
LiverpoolChelseaESPST€58.50mFernando Torres
91%
Real MadridChelseaESPST€66.00mÁlvaro Morata
89%
MonacoManchester CityFRALB€57.50mBenjamin Mendy
89%
ChelseaAtlético MadridESPST€66.00mDiego Costa
89%
JuventusManchester CityPORRB€65.00mJoão Cancelo
89%
LOSC LilleArsenalCIVRW€80.00mNicolas Pépé
89%
ChelseaSH SIPGBRACAM€60.00mOscar
89%
NapoliChelseaITACDM€57.00mJorginho
86%
FrankfurtReal MadridSRBST€60.00mLuka Jovic
86%
ZenitSH SIPGBRARW€55.80mHulk
85%
LeipzigLiverpoolMLICM€60.00mNaby Keïta
85%
ShakhtarManchester UnitedBRACM€59.00mFred
84%
Atlético MadridFC BayernFRACB€80.00mLucas Hernández
84%
Olympique LyonTottenham HotspurFRACM€60.00mTanguy Ndombélé
83%
MonacoAtlético MadridFRALW€70.00mThomas Lemar
81%

Score Distribution

Percentile by Number Answered

Percent of People with Each Score

Your Score History

You have not taken this quiz